| 000 | 00386cam a2200169ua 4500 | ||
|---|---|---|---|
| 020 | _c1.25 | ||
| 041 |
_amal _h |
||
| 082 |
_a894.8122 _bEVG/PA |
||
| 100 | _aE V G, . | ||
| 245 |
_aPanathinte pinnale / _cE V G. _hTextual Documents |
||
| 260 |
_aCalicut : _bP K Brothers , _c1960. |
||
| 300 | _a112 ; . | ||
| 365 | _a1.25 | ||
| 504 | _a | ||
| 942 | _cBK | ||
| 999 |
_c6342 _d6342 |
||